书目信息 |
| 题名: |
考研英语完形填空、翻译与新题型速成真经
|
|
| 作者: | ;天下讲师团 编 | |
| 分册: | ||
| 出版信息: | 北京 中国石化出版社 2011.03 |
|
| 页数: | 237页 | |
| 开本: | 26cm | |
| 丛书名: | ||
| 单 册: | ||
| 中图分类: | H31 | |
| 科图分类: | ||
| 主题词: | 英语--ying yu--研究生--入学考试--升学参考资料 | |
| 电子资源: | ||
| ISBN: | 978-7-5114-0802-0 | |
| 000 | 00905nam0 2200229 450 | |
| 001 | 1137389876 | |
| 005 | 20111111102342.39 | |
| 010 | @a978-7-5114-0802-0@dCNY30.00@z7-5114-0802-8 | |
| 100 | @a20110330d2011 em y0chiy50 ea | |
| 101 | 0 | @achi@aeng |
| 102 | @aCN@b110000 | |
| 105 | @ay z 000yy | |
| 200 | 1 | @a考研英语完形填空、翻译与新题型速成真经@Akao yan ying yu wan xing tian kong、fan yi yu xin ti xing su cheng zhen jing@e高效解决方案@e2012@f天下讲师团编 |
| 210 | @a北京@c中国石化出版社@d2011.03 | |
| 215 | @a237页@d26cm | |
| 330 | @a本书内容包括: 考研英语完型填空名师备课教案 ; 完型填空应试技巧 ; 完型填空真题汇编及仿真试题 ; 考研英语翻译理论及应试技巧等。 | |
| 517 | 1 | @a高效解决方案@Agao xiao jie jue fang an |
| 606 | 0 | @a英语@Aying yu@x研究生@x入学考试@j升学参考资料 |
| 690 | @aH31@v4 | |
| 711 | 02 | @a天下讲师团@Atian xia jiang shi tuan@4编 |
| 801 | 0 | @aCN@c20110330 |
| 905 | @dH31@eT595 | |
| 考研英语完形填空、翻译与新题型速成真经:高效解决方案:2012/天下讲师团编.-北京:中国石化出版社,2011.03 |
| 237页;26cm |
| ISBN 978-7-5114-0802-0:CNY30.00 |
| 本书内容包括: 考研英语完型填空名师备课教案 ; 完型填空应试技巧 ; 完型填空真题汇编及仿真试题 ; 考研英语翻译理论及应试技巧等。 |
| ● |
| 相关链接 |
|
|
|
正题名:考研英语完形填空、翻译与新题型速成真经
索取号:H31/T595
 
预约/预借
| 序号 | 登录号 | 条形码 | 馆藏地/架位号 | 状态 | 备注 |
| 1 | 1222095 | 212220951 | 语言库209/209语言库 86排3列5层/ [索取号:H31/T595] | 在馆 | |
| 2 | 1222096 | 212220960 | 语言库209/209语言库 86排3列5层/ [索取号:H31/T595] | 在馆 | |
| 3 | 1222097 | 212220979 | 语言库209/209语言库 86排3列5层/ [索取号:H31/T595] | 在馆 |